00968nam0a2200253 4500001001900000005001700019010001600036021001900052035002600071100004100097101000800138102000700146105001800153200013000171210007200301215003000373225003100403300005200434606006800486686001900554700009200573801002700665801002200692RU\NLR\bibl\85764420260405115639.0 a585811286-2 aRUb2005-56891 a(NLR Aleph) 000846354 a20051020d2005 |||y0rusy50 ca0 arus aRU aa |||||||||1 aАзбука и счетe[для младшего и школьного возрастаfстихи К. Северинца] a[Б.м.cб.и.d2005]eСмоленскgСмол. обл. тип. a[47] с.cцв. ил.d211 aЗавтра в школу aАвт. указан перед вып. дан.1 aРусский языкjБуквари3RU\NLR\AUTH\66969347 aШ141.12-921б 140708rus7caaСеверинецbК.f1952-gКонстантин3RU\NLR\auth\7745993 0aRUbNLRc20051020grcr 1aRUbNLRc20051020